header

Advances in manufacturing systems (Record no. 99895)

MARC details
000 -LEADER
fixed length control field 02160nam a2200421 a 4500
245 10 - TITLE STATEMENT
Title Advances in manufacturing systems
260 ## - PUBLICATION, DISTRIBUTION, ETC. (IMPRINT)
Place of publication Durnten-Zurich, Switzerland :
Name of publisher Trans Tech Publications Ltd ;
Place of publication Enfield, N.H. :
Name of publisher Distributed in the Americas by Trans Tech Publications Inc.,
Year of publication c2012.
300 ## - PHYSICAL DESCRIPTION
Number of Pages viii, 146 p. :
Other physical details ill.
650 #0 - SUBJECT ADDED ENTRY--TOPICAL TERM
Topical Term Manufacturing processes
Topical Term Computer integrated manufacturing systems
Topical Term Production engineering
700 1# - ADDED ENTRY--PERSONAL NAME
Personal name Marcos, M.
Personal name Salguero, J.
Personal name Pastor, A.
856 40 - ELECTRONIC LOCATION AND ACCESS
Uniform Resource Identifier http://site.ebrary.com/lib/rucke/Doc?id=10604257

No items available.

© 2026 Rongo University
Contact us: librarian | system librarian | Rongo university